| 000 | 00597nam a22001817a 4500 | ||
|---|---|---|---|
| 003 | NUST | ||
| 005 | 20240627162922.0 | ||
| 008 | 191021b ||||| |||| 00| 0 eng d | ||
| 038 | _aNusrat Nadeem | ||
| 082 | _a200 | ||
| 100 |
_a Akhtar Noreen _924498 |
||
| 245 |
_aCombined Ligand and Structure Based Studies on Modulators of Akt Kinases/ _cNoreen Akhtar |
||
| 260 |
_aIslamabad; _bRCMS NUST; _c2019. |
||
| 600 |
_xPhD- Computation Science & Engineering _9123869 |
||
| 700 | _4Supervisor:Dr. Ishrat Jabeen | ||
| 856 | _uhttp://10.250.8.41:8080/xmlui/handle/123456789/27709 | ||
| 942 |
_2ddc _cSC |
||
| 999 |
_c531602 _d531602 |
||